Developing Practical Nursing Skills (Record no. 44168)

MARC details
003 - CONTROL NUMBER IDENTIFIER
control field DLC
005 - DATE AND TIME OF LATEST TRANSACTION
control field 20260325145629.0
008 - FIXED-LENGTH DATA ELEMENTS--GENERAL INFORMATION
fixed length control field 2022s2022 xx 000 0 eng d
020 ## - INTERNATIONAL STANDARD BOOK NUMBER
International Standard Book Number 9780367896614
040 ## - CATALOGING SOURCE
Original cataloging agency DLC
Language of cataloging eng
050 #4 - LIBRARY OF CONGRESS CALL NUMBER
Classification number RT51 .D48 2022
100 1# - MAIN ENTRY--PERSONAL NAME
Personal name Nicola, Neale
Relator term author.
245 10 - TITLE STATEMENT
Title Developing Practical Nursing Skills
Statement of responsibility, etc edited by Nicola, Neale and Joanne Sale
250 ## - EDITION STATEMENT
Edition statement 5th ed.
264 #1 - PUBLICATION, DISTRIBUTION, ETC. (IMPRINT)
Name of publisher, distributor, etc Taylor & Francis Group
Date of publication, distribution, etc 2022
300 ## - PHYSICAL DESCRIPTION
Extent xli, 827p. ill
336 ## - CONTENT TYPE
Source koha
338 ## - CARRIER TYPE
Source koha
650 #0 - SUBJECT ADDED ENTRY--TOPICAL TERM
Topical term or geographic name as entry element Nursing
650 #0 - SUBJECT ADDED ENTRY--TOPICAL TERM
Topical term or geographic name as entry element Clinical competence
650 #0 - SUBJECT ADDED ENTRY--TOPICAL TERM
Topical term or geographic name as entry element Nursing
942 ## - ADDED ENTRY ELEMENTS (KOHA)
Source of classification or shelving scheme Library of Congress Classification
Koha item type Books
Holdings
Withdrawn status Lost status Source of classification or shelving scheme Damaged status Not for loan Permanent Location Current Location Date acquired Total Checkouts Full call number Barcode Date last seen Price effective from
    Library of Congress Classification     NILE UNIVERSITY OF NIGERIA - MAIN LIBRARY NILE UNIVERSITY OF NIGERIA - MAIN LIBRARY 03/25/2026   RT 51 .D48 2022 0199499 03/25/2026 03/25/2026